Statistics for All countries who qualified for the world cup 2022

Click here to take the quiz!

General Stats

  • This quiz has been taken 19 times
  • The average score is 30 of 32

Answer Stats

HintContinentWorld RankAnswer% Correct
Group CSouth America#3Argentina
100%
Group FEurope#2Belgium
100%
Group GSouth America#1Brazil
100%
Group ASouth America#44Ecuador
100%
Group BEurope#5England
100%
Group DEurope#4France
100%
Group EAsia#24Japan
100%
Group CNorth America#13Mexico
100%
Group AEurope#8Netherlands
100%
Group HEurope#9Portugal
100%
Group HAsia#28South Korea
100%
Group EEurope#7Spain
100%
Group BNorth America#16USA
100%
Group DOceania#38Australia
95%
Group FNorth America#41Canada
95%
Group CEurope#26Poland
95%
Group AAsia#50Qatar
95%
Group CAsia#51Saudi Arabia
95%
Group GEurope#21Serbia
95%
Group BEurope#19Wales
95%
Group GAfrica#43Cameroon
89%
Group FEurope#12Croatia
89%
Group DEurope#10Denmark
89%
Group EEurope#11Germany
89%
Group HAfrica#61Ghana
89%
Group BAsia#20Iran
89%
Group FAfrica#22Morocco
89%
Group AAfrica#18Senegal
89%
Group GEurope#15Switzerland
89%
Group DAfrica#30Tunisia
89%
Group HSouth America#14Uruguay
89%
Group ENorth America#31Costa Rica
84%

Score Distribution

Percentile by Number Answered

Percent of People with Each Score

Your Score History

You have not taken this quiz